| 000 | 00622cam a2200157 i 4500 | ||
|---|---|---|---|
| 020 | _a9781137306647 (hardback : alk. paper) | ||
| 050 | 0 | 0 |
_aHM753 _b.A79 2013 |
| 100 | 1 | _aArwine, Alan. | |
| 245 | 1 | 4 |
_aThe changing basis of political conflict in advanced western democracies : _bthe politics of identity in the United States, the Netherlands, and Belgium / _cAlan Arwine, The University of Kansas and Lawrence Mayer, Texas Tech University. |
| 250 | _aFirst edition. | ||
| 300 | _axiii, 119 pages ; | ||
| 650 | 0 | _vCase studies. | |
| 650 | 0 | _vCase studies. | |
| 650 | 0 |
_xPolitical activity _vCase studies. |
|
| 942 |
_2lcc _cGEN |
||
| 999 |
_c4138 _d4138 |
||